000 01462cam a2200361 4500
008 011019n2003 000 0 eng u
020 _a0632054859
035 _a(Sirsi) u115224
041 _aeng.
050 _a692.8
110 _aAqua Group
_9865
245 _aPre-contract practice and contract administration for the building team
250 _a9th ed.
260 _aOxford
_bBlackwell
_c2003
300 _axiv, 256
_c25cm.
350 _a19.99
520 _aThis combined volume of the Aqua Group books 'Pre-contract Practice' and 'Contract Administration' covers the construction process from inception of the project through to invitation to tender, and placing of the contract through to settlement of the final account. Substantially updated, it takes account of recent key changes to industry practice, JCT 98 and subsequent revisions, and the Construction Act. Also features a new chapter on Capital Allowances.
520 _aSUPERSEDED BY 2007 edition (isbn 1405131985)
650 _aBUILT ENVIRONMENT-BUILDING CONTRACT FORMS
650 _aPRE-CONTRACT PROCEDURES
650 _aTENDERS
650 _aCOST CONTROL
650 _aINTERIM PAYMENTS
650 _aDELAYS
650 _aFINAL ACCOUNTS
650 _aCAPITAL ALLOWANCES
650 _aInsolvency
_96247
650 _aBILLS OF QUANTITIES
690 _aBUILT ENVIRONMENT-BUILDING CONTRACT FORMS
700 _aHackett, M.
700 _aRobinson, I.
942 _n0
999 _c101737
_d101737